900 tình huống tiếng Anh thương mại : Xuất nhập khẩu và đàm phán thương mại. Ký kết hợp đồng thương mại = 900 English situations of the trading
Giới thiệu 900 tình huống tiếng Anh giao tiếp thông dụng trong lĩnh vực thương mại: xuất nhập khẩu, đàm phán thương mại, ký kết hợp đồng
Αποθηκεύτηκε σε:
| Μορφή: | Βιβλίο |
|---|---|
| Γλώσσα: | Undetermined |
| Έκδοση: |
Thành phố Hồ Chí Minh
Đại học Sư phạm Thành phố Hồ Chí Minh
2014
|
| Θέματα: | |
| Ετικέτες: |
Προσθήκη ετικέτας
Δεν υπάρχουν, Καταχωρήστε ετικέτα πρώτοι!
|
| Thư viện lưu trữ: | Trung tâm Học liệu Trường Đại học Cần Thơ |
|---|
| LEADER | 01086nam a2200217Ia 4500 | ||
|---|---|---|---|
| 001 | CTU_188227 | ||
| 008 | 210402s9999 xx 000 0 und d | ||
| 020 | |c 69000 | ||
| 082 | |a 428.24 | ||
| 082 | |b Ch311 | ||
| 245 | 0 | |a 900 tình huống tiếng Anh thương mại : | |
| 245 | 0 | |b Xuất nhập khẩu và đàm phán thương mại. Ký kết hợp đồng thương mại = 900 English situations of the trading | |
| 245 | 0 | |c Nhân văn Group | |
| 260 | |a Thành phố Hồ Chí Minh | ||
| 260 | |b Đại học Sư phạm Thành phố Hồ Chí Minh | ||
| 260 | |c 2014 | ||
| 520 | |a Giới thiệu 900 tình huống tiếng Anh giao tiếp thông dụng trong lĩnh vực thương mại: xuất nhập khẩu, đàm phán thương mại, ký kết hợp đồng | ||
| 650 | |a English language,Tiếng Anh | ||
| 650 | |x Textbooks for foreign speakers,Sách giáo khoa cho người nói tiếng nước ngoài | ||
| 910 | |a Hải | ||
| 980 | |a Trung tâm Học liệu Trường Đại học Cần Thơ | ||